00963cam a22002771 4500001001300000003000400013005001700017008004100034010002200075040002900097043001200126050002300138051002700161082001300188100002700201245009100228260004800319300004800367490003600415500004900451504003000500650004100530740005700571830004000628999001700668gs 68000206 DLC20260227111422.0710913s1968 dcuab b 00010 eng c ags 68000206 //r85 aU.S. Geol. Survey. Libr. an-us-ak0 aQE75b.B9 no. 1236 aQE84.P47bR43cCopy 2. a557.98/710aReed, Bruce L.,d1934-10aGeology of the Lake Peters area, northeastern Brooks Range, Alaska,cby Bruce L. Reed.0 aWashington,bU.S. Govt. Print. Off.,c1968. aviii, 132 p.billus., maps (1 col.)c24 cm.1 aGeological Survey bulletin 1236 aPart of illustrative matter fold. in pocket. aBibliography: p. 124-127. 0aGeologyzAlaskazLake Peters region. 1aLake Peters area, northeastern Brooks Range, Alaska. 0aGeological Survey bulletin ;v1236. c30445d30445